Normal view
MARC view
- الاستثمار -- العالم العربي -- تقارير -- المؤسسة العربية لضمان الاستثمار -- تقارير
Entry Topical Term
001 - CONTROL NUMBER
- control field: 9061
003 - CONTROL NUMBER IDENTIFIER
- control field: JO-AjAnu
005 - DATE AND TIME OF LATEST TRANSACTION
- control field: 20230606071747.0
008 - FIXED-LENGTH DATA ELEMENTS
- fixed length control field: 230606|| aca||aabn | a|a d
040 ## - CATALOGING SOURCE
- Original cataloging agency: JO-AjAnu
- Transcribing agency: JO-AjAnu
150 ## - HEADING--TOPICAL TERM
- Topical term or geographic name entry element: الاستثمار -- العالم العربي -- تقارير -- المؤسسة العربية لضمان الاستثمار -- تقارير
670 ## - SOURCE DATA FOUND
- Source citation: Work cat.: (JO-AjAnu)4674: خالد ، هشام , author 9060, المؤسسة العربية لضمان الإستثمار " دراسة قانونية "